Information warfare : cyberterrorism: protecting your personal security in the computer age
Saved in:
| Main Author: | |
|---|---|
| Format: | Book |
| Language: | English |
| Published: |
New York : Emeryville, CA :
Thunder's Mouth Press, Distributed by Publishers Group West,
1996
|
| Edition: | 2nd trade pbk. ed. |
| Subjects: | |
| Tags: |
Add Tag
No Tags, Be the first to tag this record!
|
MARC
| LEADER | 00000nam a2200000 i 4500 | ||
|---|---|---|---|
| 001 | 1/5957 | ||
| 008 | 000609s1996 eng d | ||
| 020 | |a 1-56025-132-8 | ||
| 035 | |l 10061766 | ||
| 040 | |a GR-MY-UA |b gre |e aacr | ||
| 041 | 0 | |a eng | |
| 082 | 0 | |a 302.2 | |
| 100 | 1 | |a Schwartau, Winn. | |
| 245 | 1 | 0 | |a Information warfare : |b cyberterrorism: protecting your personal security in the computer age / |c Winn Schwartau |
| 250 | |a 2nd trade pbk. ed. | ||
| 260 | |a New York : |a Emeryville, CA : |b Thunder's Mouth Press, |b Distributed by Publishers Group West, |c 1996 | ||
| 300 | |a 768 p.; |c 23 cm. | ||
| 504 | |a Includes bibliographical references and index | ||
| 650 | 0 | 0 | |a Computer security. |
| 650 | 0 | 0 | |a Computer crimes. |
| 852 | |a INST |b SAMOS |e 20000609 |h 302.2 SCH |p 005300019626 |q 005300019626 |t BK |y 0 | ||
| 901 | |a BIBL3-2000-2 | ||
| 909 | |a Σ |b 078911 | ||
| 922 | |a 3ΕΛΗ |b 200005 |c ΚΠΣ |d ΠΑΠΑΣΩΤΗΡΙΟΥ | ||
| 950 | |a 116-1999-12-31 | ||
| 970 | |a ΚΟΣΙΕΡΗΣ |b ΧΡΗΣΤΟΣ |z 2000/07/25 | ||